[Event "Esbjerg 6 Efteraarsturnering 2023"]
[Site "Esbjerg"]
[Date "2023.10.21"]
[Round "5.1"]
[White "Ramsdal, Jens Albert"]
[Black "Rodgaard, John"]
[Result "1-0"]
[WhiteElo "2399"]
[BlackElo "2285"]
[PlyCount "75"]
[EventDate "2023.10.20"]
[EventType "swiss"]
[EventRounds "7"]
[EventCountry "DEN"]
[SourceTitle "Live v. Esbjerg Skakfore"]

1. c4 e6 2. Nf3 d5 3. e3 Nf6 4. b3 c5 5. Bb2 Nc6 6. cxd5 Nxd5 7. Nc3 b6 8. Nxd5
Qxd5 9. Bc4 Qd6 10. O-O Bd7 11. Qe2 f6 12. Rfd1 Na5 13. Bd3 Be7 14. Rac1 O-O
15. Bb1 Rad8 16. d4 Qb8 17. dxc5 bxc5 18. Bc3 Qb6 19. Ng5 f5 20. Qh5 Bxg5 21.
Qxg5 Rf7 22. Rd6 Qc7 23. Rcd1 Nb7 24. R6d2 h6 25. Qg6 Bc8 26. Bd3 Qe7 27. h4
Qxh4 28. f4 Qe7 29. g4 Nd6 30. g5 hxg5 31. Bc4 gxf4 32. Rh2 Rf6 33. Bxf6 Qxf6
34. Qxf6 gxf6 35. Rhd2 fxe3 36. Rxd6 Rxd6 37. Rxd6 Kf7 38. Rd8 1-0

[Event "Esbjerg 6 Efteraarsturnering 2023"]
[Site "Esbjerg"]
[Date "2023.10.21"]
[Round "5.2"]
[White "Fries Nielsen, Jens Ove"]
[Black "Rossen, Claus"]
[Result "1-0"]
[WhiteElo "2378"]
[BlackElo "2030"]
[PlyCount "67"]
[EventDate "2023.10.20"]
[EventType "swiss"]
[EventRounds "7"]
[EventCountry "DEN"]
[SourceTitle "Live v. Esbjerg Skakfore"]

1. e4 c5 2. Nc3 Nc6 3. Bb5 e6 4. Bxc6 bxc6 5. f4 d5 6. Nf3 Nf6 7. e5 Ng8 8. d3
h5 9. O-O Nh6 10. Na4 Nf5 11. c4 h4 12. b3 g6 13. Qe2 Qa5 14. Bd2 Qc7 15. Qf2
d4 16. Ng5 a5 17. Ne4 Qa7 18. Bc1 Be7 19. Re1 Kf8 20. Ba3 Kg7 21. Bxc5 Bxc5 22.
Naxc5 Bd7 23. a3 Rhb8 24. Rab1 Be8 25. Qb2 Rb6 26. Nd6 Rd8 27. Nce4 Nxd6 28.
exd6 c5 29. Qf2 Bc6 30. Nxc5 Rxd6 31. Qxh4 Rb8 32. b4 Ba8 33. Qg5 Rh8 34. Qe5+
1-0

[Event "Esbjerg 6 Efteraarsturnering 2023"]
[Site "Esbjerg"]
[Date "2023.10.21"]
[Round "5.3"]
[White "Skytte, Rasmus"]
[Black "Hansen, Lars"]
[Result "1-0"]
[WhiteElo "2030"]
[BlackElo "2189"]
[PlyCount "69"]
[EventDate "2023.10.20"]
[EventType "swiss"]
[EventRounds "7"]
[EventCountry "DEN"]
[SourceTitle "Live v. Esbjerg Skakfore"]

1. e4 e6 2. d4 d5 3. Nc3 Nf6 4. e5 Nfd7 5. f4 c5 6. Nf3 Nc6 7. Be3 a6 8. Qd2
Be7 9. Bd3 b5 10. O-O b4 11. Nd1 Qb6 12. c3 a5 13. Nf2 Ba6 14. f5 Bxd3 15. Nxd3
O-O 16. dxc5 Qa6 17. cxb4 axb4 18. Rac1 Rfb8 19. fxe6 fxe6 20. Nf4 Nf8 21. Nxe6
Nxe6 22. Qxd5 Ncd8 23. c6 Qxa2 24. Qxa2 Rxa2 25. c7 Rc8 26. cxd8=Q+ Rxd8 27.
Rc6 Nf8 28. Nd4 h6 29. Nf5 Bg5 30. Bxg5 hxg5 31. e6 Re8 32. e7 Nd7 33. Rg6 Rxb2
34. Rxg7+ Kh8 35. Nd6 1-0

[Event "Esbjerg 6 Efteraarsturnering 2023"]
[Site "Esbjerg"]
[Date "2023.10.21"]
[Round "5.4"]
[White "Derlich, Sarah Sima"]
[Black "Holmsgaard, Henrik"]
[Result "1/2-1/2"]
[WhiteElo "1681"]
[BlackElo "2147"]
[PlyCount "133"]
[EventDate "2023.10.20"]
[EventType "swiss"]
[EventRounds "7"]
[EventCountry "DEN"]
[SourceTitle "Live v. Esbjerg Skakfore"]

1. e4 c5 2. Nf3 e6 3. c3 Nf6 4. Qc2 Nc6 5. d4 cxd4 6. cxd4 d5 7. e5 Ne4 8. Nc3
Nxc3 9. bxc3 Bd7 10. Bd3 h6 11. O-O Rc8 12. Qe2 Na5 13. Bd2 Nc4 14. Rab1 b6 15.
Rfc1 Ba3 16. Re1 Qc7 17. Bc1 Be7 18. Nd2 Na5 19. Bb2 Ba4 20. Rec1 Qd7 21. c4
dxc4 22. Nxc4 Nxc4 23. Rxc4 Rxc4 24. Bxc4 O-O 25. Qe4 Bc6 26. Qg4 Rc8 27. Bd3
Qd5 28. f3 Bg5 29. f4 Bxf4 30. Rf1 Be3+ 31. Kh1 Rd8 32. Bb1 Rd7 33. Re1 Qb5 34.
Ba1 Qb4 35. Rd1 Ba4 36. Rf1 Qc4 37. Re1 Bf2 38. Qe4 g6 39. Bd3 Qd5 40. Qxd5
Rxd5 41. Re4 Bb5 42. Bc2 Bc4 43. a3 Ra5 44. Bb2 Bd5 45. Re2 Bh4 46. a4 Bc4 47.
Rd2 Be1 48. Rd1 Bb4 49. Kg1 b5 50. Ra1 bxa4 51. Rxa4 Rxa4 52. Bxa4 Kf8 53. Kf2
Ke7 54. Ke3 Bd5 55. g3 f6 56. Bb5 a5 57. Ba4 fxe5 58. dxe5 g5 59. Kd4 Kd8 60.
Bc1 Kc7 61. h4 Be7 62. hxg5 hxg5 63. Bd2 Kb6 64. Bc1 g4 65. Bd1 Bc5+ 66. Kd3
Bf3 67. Bb3 1/2-1/2

[Event "Esbjerg 6 Efteraarsturnering 2023"]
[Site "Esbjerg"]
[Date "2023.10.21"]
[Round "5.5"]
[White "Madsen, Svend"]
[Black "Guindy, Esmat Susanne"]
[Result "0-1"]
[WhiteElo "1661"]
[BlackElo "2044"]
[PlyCount "69"]
[EventDate "2023.10.20"]
[EventType "swiss"]
[EventRounds "7"]
[EventCountry "DEN"]
[SourceTitle "Live v. Esbjerg Skakfore"]

1. b3 d5 2. Bb2 Bf5 3. e3 Nf6 4. Nf3 h6 5. c4 e6 6. cxd5 exd5 7. Nc3 c6 8. Be2
Nbd7 9. O-O Bd6 10. Nd4 Bh7 11. f4 O-O 12. Qe1 Re8 13. Qh4 Nc5 14. g4 Nfe4 15.
Qxd8 Raxd8 16. Nf3 Nxc3 17. Bxc3 Bxf4 18. Nd4 Be5 19. Bf3 Ne4 20. Bxe4 Bxe4 21.
Ne2 Bd3 22. Rf2 Bxe2 23. Bxe5 Rxe5 24. Rxe2 Re4 25. h3 d4 26. Rae1 Rde8 27. Kg2
dxe3 28. dxe3 Kh7 29. Kf3 Kg6 30. h4 h5 31. Rg1 hxg4+ 32. Rxg4+ Rxg4 33. Kxg4
Re4+ 34. Kg3 Kh5 35. Kf3 0-1

[Event "Esbjerg 6 Efteraarsturnering 2023"]
[Site "Esbjerg"]
[Date "2023.10.21"]
[Round "5.6"]
[White "Topholm, Morten"]
[Black "Paludan, Noah"]
[Result "0-1"]
[WhiteElo "2048"]
[BlackElo "1851"]
[PlyCount "114"]
[EventDate "2023.10.20"]
[EventType "swiss"]
[EventRounds "7"]
[EventCountry "DEN"]
[SourceTitle "Live v. Esbjerg Skakfore"]

1. e4 c5 2. c3 e6 3. d4 d5 4. e5 Nc6 5. Nf3 Qb6 6. Bd3 cxd4 7. cxd4 Bd7 8. O-O
Nge7 9. Nc3 Ng6 10. Re1 Be7 11. Ng5 Rc8 12. Qh5 Qxd4 13. Bxg6 fxg6 14. Qh3 Bxg5
15. Nb5 Bxc1 16. Raxc1 Qb4 17. Nd6+ Ke7 18. Qg3 Kd8 19. a3 Qb6 20. b4 a6 21. a4
Rf8 22. h3 Ne7 23. Nxc8 Bxc8 24. Qh4 Bd7 25. a5 g5 26. Qg3 Qd4 27. Re2 Bb5 28.
Rec2 Bc4 29. Qxg5 g6 30. Qh6 Rf7 31. Rd2 Qf4 32. Qxf4 Rxf4 33. g3 Re4 34. f3
Re2 35. Rxe2 Bxe2 36. Kf2 Bc4 37. f4 Nc6 38. Rb1 Ke7 39. Ke3 h5 40. g4 hxg4 41.
hxg4 Kf7 42. g5 Ne7 43. Kd4 Bb5 44. Kc5 Ke8 45. Kb6 Bc6 46. Rh1 Kd7 47. Kc5 Nf5
48. Rh7+ Ne7 49. Rf7 Ke8 50. Rf6 Bd7 51. Kb6 Ng8 52. Rxg6 Kf7 53. Rxg8 Kxg8 54.
Kc5 Bc6 55. b5 Bxb5 56. f5 exf5 57. Kxd5 Kg7 0-1

[Event "Esbjerg 6 Efteraarsturnering 2023"]
[Site "Esbjerg"]
[Date "2023.10.21"]
[Round "5.7"]
[White "Christensen, Michael Rene"]
[Black "Sandmann, Villads Majvang"]
[Result "0-1"]
[WhiteElo "1636"]
[BlackElo "1971"]
[PlyCount "78"]
[EventDate "2023.10.20"]
[EventType "swiss"]
[EventRounds "7"]
[EventCountry "DEN"]
[SourceTitle "Live v. Esbjerg Skakfore"]

1. d4 Nf6 2. Nf3 e6 3. Bf4 c5 4. e3 Nc6 5. Nbd2 d5 6. c3 Bd6 7. Bd3 O-O 8. O-O
Bxf4 9. exf4 Qb6 10. Qb3 Qc7 11. dxc5 Qxf4 12. g3 Qc7 13. c4 d4 14. Rfe1 Nd7
15. Qa3 e5 16. Be4 a5 17. Bxc6 bxc6 18. Ne4 f6 19. b4 Rb8 20. Rab1 axb4 21.
Rxb4 Rxb4 22. Qxb4 Qa7 23. a4 Rd8 24. g4 Nf8 25. g5 Bg4 26. Nfd2 Rb8 27. Qa3 f5
28. Nd6 Qa5 29. Qc1 Qxc5 30. f3 Bh3 31. N6e4 fxe4 32. Nxe4 Qe7 33. c5 Qf7 34.
Kf2 Rb3 35. Nd2 Rc3 36. Qd1 Qf4 37. Nf1 Bxf1 38. Rxf1 Qxh2+ 39. Ke1 Re3+ 0-1

[Event "Esbjerg 6 Efteraarsturnering 2023"]
[Site "Esbjerg"]
[Date "2023.10.21"]
[Round "5.8"]
[White "Ladefoged, Simon Degnbol"]
[Black "Bekmukhanov, Sauran"]
[Result "0-1"]
[WhiteElo "1857"]
[BlackElo "1696"]
[PlyCount "142"]
[EventDate "2023.10.20"]
[EventType "swiss"]
[EventRounds "7"]
[EventCountry "DEN"]
[SourceTitle "Live v. Esbjerg Skakfore"]

1. Nf3 Nf6 2. d4 e6 3. c4 d5 4. Nc3 b6 5. cxd5 exd5 6. Bg5
Be6 7. e3 Be7 8. Bd3 h6 9. Bh4 O-O 10. Rc1 c5 11. O-O Nc6 12. Bb1 cxd4 13. Nxd4
Nxd4 14. Qxd4 Qd7 15. Rfd1 Rfd8 16. Bc2 Rac8 17. Bb3 Qb7 18. Qd3 Rd7 19. Nb5
Rc5 20. h3 a6 21. Nd4 Ne4 22. Bxe7 Rxe7 23. Ne2 Nf6 24. Nf4 Rd7 25. Qd4 Qc8 26.
Nd3 Rxc1 27. Rxc1 Rc7 28. Rd1 Qb7 29. Nf4 Rc5 30. Nd3 Rc7 31. Nf4 Rc5 32. Nd3
Rc8 33. Nf4 Rd8 34. Rc1 Ne4 35. Qe5 Nc5 36. Bc2 a5 37. a3 Qe7 38. Bb1 a4 39.
Rd1 Kf8 40. Ba2 Qb7 41. Nh5 f6 42. Qd4 Qc6 43. Nf4 Bf7 44. Rc1 Qb5 45. Bc4 Qc6
46. Ba2 Rd7 47. Nd3 Rc7 48. Nb4 Qd6 49. Bxd5 Nb3 50. Rxc7 Qxc7 51. Bxb3 axb3
52. g3 Be6 53. Kh2 Kf7 54. e4 Qc5 55. Qd2 Qh5 56. Nc6 Bxh3 57. Qd5+ Qxd5 58.
exd5 Bg4 59. Kg2 Ke8 60. Nd4 Bd1 61. f4 Kd7 62. Kf2 g6 63. Ke3 Kd6 64. Nb5+ Kc5
65. Nc3 Bc2 66. Ne4+ Bxe4 67. Kxe4 b5 68. g4 h5 69. gxh5 gxh5 70. Kf5 Kxd5 71.
Kxf6 h4 0-1

[Event "Esbjerg 6 Efteraarsturnering 2023"]
[Site "Esbjerg"]
[Date "2023.10.22"]
[Round "6.1"]
[White "Ramsdal, Jens Albert"]
[Black "Fries Nielsen, Jens Ove"]
[Result "1-0"]
[WhiteElo "2399"]
[BlackElo "2378"]
[PlyCount "79"]
[EventDate "2023.10.20"]
[EventType "swiss"]
[EventRounds "7"]
[EventCountry "DEN"]
[SourceTitle "Live v. Esbjerg Skakfore"]

1. d4 Nf6 2. c4 e6 3. Nc3 c5 4. d5 exd5 5. cxd5 d6 6. Nf3 Na6 7. e4 Nc7 8. Nd2
Be7 9. Be2 O-O 10. a4 Nd7 11. O-O Bf6 12. Ra3 Re8 13. f4 Bd4+ 14. Kh1 Nf6 15.
Bf3 Na6 16. Nb5 Nb4 17. a5 b6 18. Nxd4 cxd4 19. axb6 Qxb6 20. Nc4 Qc5 21. Nxd6
Qxd6 22. e5 Qb6 23. exf6 Ba6 24. Rg1 Qxf6 25. h3 Rab8 26. Qa4 Bc4 27. Bd2 Qd6
28. Qxa7 Nc2 29. Ra4 Rbc8 30. Qb7 Rc7 31. Ra8 Rxb7 32. Rxe8+ Qf8 33. Rxf8+ Kxf8
34. Be4 Rxb2 35. d6 Ne3 36. Ba5 Be6 37. Bc6 d3 38. Bc3 Rc2 39. Ra1 f6 40. Ra8+
1-0

[Event "Esbjerg 6 Efteraarsturnering 2023"]
[Site "Esbjerg"]
[Date "2023.10.22"]
[Round "6.2"]
[White "Paludan, Noah"]
[Black "Skytte, Rasmus"]
[Result "0-1"]
[WhiteElo "1851"]
[BlackElo "2030"]
[PlyCount "64"]
[EventDate "2023.10.20"]
[EventType "swiss"]
[EventRounds "7"]
[EventCountry "DEN"]
[SourceTitle "Live v. Esbjerg Skakfore"]

1. e4 c5 2. Nc3 Nc6 3. Bb5 Nd4 4. Nf3 a6 5. Bd3 g6 6. O-O Bg7 7. Re1 Nh6 8. Rb1
d6 9. h3 b5 10. b4 c4 11. Bf1 Bb7 12. a4 Bc6 13. axb5 axb5 14. Bb2 O-O 15. d3
cxd3 16. Qxd3 Nxf3+ 17. Qxf3 Rb8 18. Nd5 e5 19. Qb3 Kh8 20. Bc1 f5 21. f3 fxe4
22. fxe4 Qh4 23. Bxh6 Bxh6 24. g3 Qd8 25. Bg2 Bxd5 26. Qxd5 Qb6+ 27. Kh2 Rf2
28. c4 Rd2 29. Qxb5 Qxb5 30. cxb5 Rxb5 31. Red1 Rxb4 32. Rxd2 Rxb1 {og sort
vandt} 0-1

[Event "Esbjerg 6 Efteraarsturnering 2023"]
[Site "Esbjerg"]
[Date "2023.10.22"]
[Round "6.3"]
[White "Guindy, Esmat Susanne"]
[Black "Hansen, Lars"]
[Result "0-1"]
[WhiteElo "2044"]
[BlackElo "2189"]
[PlyCount "76"]
[EventDate "2023.10.20"]
[EventType "swiss"]
[EventRounds "7"]
[EventCountry "DEN"]
[SourceTitle "Live v. Esbjerg Skakfore"]

1. d4 Nf6 2. Nf3 e6 3. g3 c5 4. Bg2 cxd4 5. Nxd4 d5 6. O-O e5 7. Nb3 Be6 8. c4
Nc6 9. cxd5 Nxd5 10. N1d2 h6 11. Ne4 Qb6 12. Bd2 Rd8 13. Qc1 Rc8 14. Nc3 Nxc3
15. Bxc3 Be7 16. Nd2 O-O 17. a4 Nd4 18. Re1 Bf5 19. e4 Bg4 20. Bf1 Bg5 21. a5
Qf6 22. Re3 Bxe3 23. fxe3 Qg5 24. Kf2 f5 25. exd4 fxe4+ 26. Kg2 e3 27. Kg1 exd2
28. Qxd2 Qxd2 29. Bxd2 exd4 30. Ra4 Rcd8 31. Rb4 Bf3 32. Bd3 Bc6 33. Bf4 Kh8
34. h4 a6 35. Rb6 Rd5 36. Bxa6 Rxa5 37. Bf1 Ra1 38. h5 d3 0-1

[Event "Esbjerg 6 Efteraarsturnering 2023"]
[Site "Esbjerg"]
[Date "2023.10.22"]
[Round "6.4"]
[White "Rodgaard, John"]
[Black "Derlich, Sarah Sima"]
[Result "1-0"]
[WhiteElo "2285"]
[BlackElo "1681"]
[PlyCount "87"]
[EventDate "2023.10.20"]
[EventType "swiss"]
[EventRounds "7"]
[EventCountry "DEN"]
[SourceTitle "Live v. Esbjerg Skakfore"]

1. d4 d5 2. Nf3 Nf6 3. c4 e6 4. Nc3 c6 5. e3 Bd6 6. Bd3 dxc4 7. Bxc4 b5 8. Bd3
a6 9. e4 Be7 10. e5 Nd5 11. Ne4 Nd7 12. a4 Bb7 13. O-O O-O 14. Bg5 Nb4 15. Bxe7
Qxe7 16. Nd6 Nxd3 17. Qxd3 Rab8 18. axb5 axb5 19. Ra7 Ba8 20. Qe3 Qd8 21. Ng5
h6 22. Nge4 Nb6 23. Qf3 c5 24. dxc5 Nd7 25. Qg3 Bc6 26. b4 Ra8 27. Rfa1 Qb8 28.
Rxa8 Bxa8 29. Nf6+ Nxf6 30. exf6 g6 31. h4 Qc7 32. h5 Kh7 33. hxg6+ fxg6 34.
Nxb5 Qxg3 35. Ra7+ Kg8 36. fxg3 Bd5 37. Nc3 Rxf6 38. Nxd5 exd5 39. Rd7 Kf8 40.
b5 Ke8 41. Rxd5 Ke7 42. b6 Rf8 43. b7 Ke6 44. Rd1 1-0

[Event "Esbjerg 6 Efteraarsturnering 2023"]
[Site "Esbjerg"]
[Date "2023.10.22"]
[Round "6.5"]
[White "Holmsgaard, Henrik"]
[Black "Ramsdal, Mikkel"]
[Result "1-0"]
[WhiteElo "2147"]
[BlackElo "1761"]
[PlyCount "69"]
[EventDate "2023.10.20"]
[EventType "swiss"]
[EventRounds "7"]
[EventCountry "DEN"]
[SourceTitle "Live v. Esbjerg Skakfore"]

1. e4 c5 2. Nc3 g6 3. d4 Bg7 4. dxc5 Bxc3+ 5. bxc3 Nc6 6. Be3 Nf6 7. f3 O-O 8.
Bd3 Qa5 9. Ne2 Rd8 10. O-O d5 11. cxd6 Rxd6 12. Qe1 b6 13. Nd4 Ba6 14. Nb3 Qa4
15. Qe2 Bxd3 16. cxd3 Ne5 17. Bf4 Re6 18. Nd4 Qa5 19. Nxe6 fxe6 20. d4 Nf7 21.
Qc4 g5 22. Be3 h5 23. Rac1 h4 24. Qxe6 Kg7 25. f4 g4 26. f5 Rh8 27. e5 Nd5 28.
Qg6+ Kf8 29. e6 Nd6 30. Bh6+ Rxh6 31. Qxh6+ Kg8 32. Qg6+ Kf8 33. f6 exf6 34.
Rf3 f5 35. Rxf5+ 1-0

[Event "Esbjerg 6 Efteraarsturnering 2023"]
[Site "Esbjerg"]
[Date "2023.10.22"]
[Round "6.6"]
[White "Sandmann, Villads Majvang"]
[Black "Rossen, Claus"]
[Result "0-1"]
[WhiteElo "1971"]
[BlackElo "2030"]
[PlyCount "98"]
[EventDate "2023.10.20"]
[EventType "swiss"]
[EventRounds "7"]
[EventCountry "DEN"]
[SourceTitle "Live v. Esbjerg Skakfore"]

1. e4 d6 2. d4 Nf6 3. Nc3 g6 4. f4 Bg7 5. Nf3 c5 6. d5 O-O 7. Bd3 b5 8. Nxb5 c4
9. Bxc4 Nxe4 10. Qe2 a6 11. Nbd4 Qa5+ 12. Bd2 Nxd2 13. Qxd2 Qc5 14. Bb3 Nd7 15.
O-O-O Bb7 16. Rhe1 Rfe8 17. Ba4 Qc7 18. Nb3 Nb6 19. Bxe8 Bxb2+ 20. Kb1 Rxe8 21.
Qd3 Bc3 22. Nfd2 Bxd5 23. Re2 Rb8 24. Ne4 Bg7 25. Ree1 Bc4 26. Qd2 Na4 27. Re3
d5 28. Ng5 d4 29. Rh3 Nc3+ 30. Rxc3 dxc3 31. Qd7 Qxf4 32. Nf3 Bf6 33. Nfd4 Qd6
34. Nc6 Qxd7 35. Rxd7 Re8 36. Nc5 Bb5 37. Rc7 Bxc6 38. Rxc6 Rd8 39. a4 Rb8+ 40.
Kc1 Bg5+ 41. Kd1 Rd8+ 42. Nd3 e5 43. Ke1 e4 44. Nf2 f5 45. Rxa6 Rd2 46. a5 Rxc2
47. Ra8+ Kf7 48. a6 Ra2 49. a7 c2 0-1

[Event "Esbjerg 6 Efteraarsturnering 2023"]
[Site "Esbjerg"]
[Date "2023.10.22"]
[Round "6.7"]
[White "Bekmukhanov, Sauran"]
[Black "Jensen, Henrik Tranberg"]
[Result "0-1"]
[WhiteElo "1696"]
[BlackElo "2000"]
[PlyCount "102"]
[EventDate "2023.10.20"]
[EventType "swiss"]
[EventRounds "7"]
[EventCountry "DEN"]
[SourceTitle "Live v. Esbjerg Skakfore"]

1. e4 c6 2. c4 d5 3. exd5 cxd5 4. cxd5 Nf6 5. d4 g6 6. Nc3 Bg7 7. Bc4 O-O 8.
Nf3 Nbd7 9. Bg5 Nb6 10. Bb3 Nbxd5 11. O-O Nxc3 12. bxc3 Ne4 13. Rc1 Nxg5 14.
Nxg5 e5 15. Nf3 exd4 16. cxd4 Re8 17. h3 Bf5 18. d5 Qb6 19. Qd2 Rad8 20. Rfd1
h6 21. Qf4 Re2 22. Qg3 Rd6 23. Bc4 Rb2 24. Bb3 a5 25. Rd2 a4 26. Bxa4 Rxd2 27.
Nxd2 Rxd5 28. Nb3 Be5 29. Qf3 Qd6 30. Re1 b5 31. Bxb5 Rxb5 32. a4 Rb4 33. a5
Be6 34. Nc1 Rb1 35. Qe4 Bf5 36. Qa4 Bb2 37. a6 Ra1 38. Qb3 Rxc1 39. Rxc1 Bxc1
40. Qa4 Bd7 41. Qa5 Bc6 42. Qe1 Qd5 43. f3 Ba3 44. a7 Bc5+ 45. Kh1 Bxa7 46. Qa1
Bc5 47. Qb1 Bd6 48. Qg1 Qe5 49. f4 Qxf4 50. h4 Qxh4+ 51. Qh2 Qxh2# 0-1

[Event "Esbjerg 6 Efteraarsturnering 2023"]
[Site "Esbjerg"]
[Date "2023.10.22"]
[Round "6.8"]
[White "Peitersen, Andreas"]
[Black "Bruntse, Kathrine Lindegaard"]
[Result "1-0"]
[WhiteElo "1455"]
[BlackElo "1651"]
[PlyCount "147"]
[EventDate "2023.10.20"]
[EventType "swiss"]
[EventRounds "7"]
[EventCountry "DEN"]
[SourceTitle "Live v. Esbjerg Skakfore"]

1. e4 c5 2. Nf3 e6 3. d4 cxd4 4. Nxd4 Nc6 5. Nc3 Qc7 6. Be3 a6 7. a4 Nf6 8. g3 Bb4
9. Bg2 Ne5 10. Nde2 Nc4 11. Bc1 O-O 12. O-O h6 13. b3 Ne5 14. Bb2 d6 15. Na2
Bc5 16. h3 Rd8 17. Bd4 Nc6 18. Bxf6 gxf6 19. Qd2 Kh7 20. b4 Ba7 21. Qc3 Qe7 22.
Rad1 e5 23. Qa3 Be6 24. Nac3 Nd4 25. Nxd4 Bxd4 26. Nd5 Bxd5 27. exd5 f5 28.
Rfe1 Qg5 29. Qd3 Rac8 30. c4 h5 31. h4 Qg4 32. Kh2 Qg7 33. Bh3 Rc7 34. Qxf5+
Qg6 35. Rc1 Qxf5 36. Bxf5+ Kg7 37. Re2 b6 38. Kg2 Rb8 39. Rec2 a5 40. b5 Rbb7
41. f3 Rb8 42. Bd3 Rh8 43. Re1 f6 44. Bf5 Re7 45. Re4 Kf8 46. Kh3 Rg7 47. g4
Rhg8 48. Be6 Rh8 49. Rg2 Rhh7 50. g5 fxg5 51. hxg5 Rh8 52. Kh4 Bc5 53. f4 exf4
54. Rxf4+ Ke7 55. g6 Be3 56. Rf7+ Rxf7 57. Bxf7 Bd4 58. g7 Bxg7 59. Rxg7 Kf8
60. Rg6 Kxf7 61. Rxd6 Rc8 62. Rc6 Rb8 63. Kxh5 Ke7 64. Kg5 Kd7 65. Kf5 Ke7 66.
Ke5 Kd7 67. d6 Rb7 68. Rc7+ Rxc7 69. dxc7 Kxc7 70. Ke6 Kc8 71. Kd6 Kb7 72. Kd7
Kb8 73. Kc6 Ka7 74. Kc7 1-0

[Event "Esbjerg 6 Efteraarsturnering 2023"]
[Site "Esbjerg"]
[Date "2023.10.22"]
[Round "7.1"]
[White "Skytte, Rasmus"]
[Black "Ramsdal, Jens Albert"]
[Result "1/2-1/2"]
[WhiteElo "2030"]
[BlackElo "2399"]
[PlyCount "49"]
[EventDate "2023.10.20"]
[EventType "swiss"]
[EventRounds "7"]
[EventCountry "DEN"]
[SourceTitle "Live v. Esbjerg Skakfore"]

1. e4 e6 2. d4 d5 3. Bd3 dxe4 4. Bxe4 Nf6 5. Bf3 c5 6. Ne2 Nc6 7. Be3 Qa5+ 8.
Nd2 Nd5 9. Bxd5 exd5 10. dxc5 Bg4 11. O-O O-O-O 12. Nb3 Qa6 13. f3 Bf5 14. Ned4
Nxd4 15. Nxd4 Bg6 16. b4 Qc4 17. Qd2 Be7 18. c3 Rhe8 19. Rfe1 Bf6 20. Bf2 h6
21. Rxe8 Rxe8 22. Re1 Rxe1+ 23. Qxe1 Kd7 24. Qd2 Qd3 25. Bg3 1/2-1/2

[Event "Esbjerg 6 Efteraarsturnering 2023"]
[Site "Esbjerg"]
[Date "2023.10.22"]
[Round "7.2"]
[White "Fries Nielsen, Jens Ove"]
[Black "Holmsgaard, Henrik"]
[Result "1/2-1/2"]
[WhiteElo "2378"]
[BlackElo "2147"]
[PlyCount "35"]
[EventDate "2023.10.20"]
[EventType "swiss"]
[EventRounds "7"]
[EventCountry "DEN"]
[SourceTitle "Live v. Esbjerg Skakfore"]

1. e4 c5 2. Nf3 e6 3. Nc3 a6 4. g3 Nc6 5. Bg2 d6 6. O-O Nf6 7. d3 Be7 8. Nd2 d5
9. f4 dxe4 10. dxe4 e5 11. Nd5 exf4 12. Nxe7 Qxe7 13. gxf4 Bg4 14. Bf3 Bxf3 15.
Qxf3 Nd4 16. Qd3 Rd8 17. e5 Ng4 18. h3 1/2-1/2

[Event "Esbjerg 6 Efteraarsturnering 2023"]
[Site "Esbjerg"]
[Date "2023.10.22"]
[Round "7.5"]
[White "Jensen, Henrik Tranberg"]
[Black "Paludan, Noah"]
[Result "1-0"]
[WhiteElo "2000"]
[BlackElo "1851"]
[PlyCount "67"]
[EventDate "2023.10.20"]
[EventType "swiss"]
[EventRounds "7"]
[EventCountry "DEN"]
[SourceTitle "Live v. Esbjerg Skakfore"]

1. d4 d5 2. Nf3 Nf6 3. Bf4 c5 4. e3 Nc6 5. Be2 g6 6. O-O Bg7 7. h3 O-O 8. Nc3
cxd4 9. exd4 Be6 10. Ne5 Rc8 11. Re1 Re8 12. Bb5 Qb6 13. Bxc6 bxc6 14. Na4 Qd8
15. Nc5 Nd7 16. Nxe6 fxe6 17. Qg4 Nxe5 18. Bxe5 Qb6 19. Qxe6+ Kh8 20. b3 c5 21.
Qxd5 cxd4 22. Bxg7+ Kxg7 23. Re6 Qc5 24. Qe4 Rc7 25. Re1 Rd7 26. Re5 Qd6 27.
Qh4 Qf6 28. Qg4 Qd6 29. Re6 Qc7 30. h4 Qxc2 31. Rxg6+ hxg6 32. Qxd7 Qd2 33. Re4
Rf8 34. Rxe7+ 1-0

[Event "Esbjerg 6 Efteraarsturnering 2023"]
[Site "Esbjerg"]
[Date "2023.10.22"]
[Round "7.6"]
[White "Ladefoged, Simon Degnbol"]
[Black "Peitersen, Andreas"]
[Result "1-0"]
[WhiteElo "1857"]
[BlackElo "1455"]
[PlyCount "103"]
[EventDate "2023.10.20"]
[EventType "swiss"]
[EventRounds "7"]
[EventCountry "DEN"]
[SourceTitle "Live v. Esbjerg Skakfore"]

1. Nf3 d5 2. d4 Nf6 3. c4 e6 4. Nc3 c6 5. e3 Nbd7 6. Bd2 Bd6 7. Rc1 O-O 8. Bd3
Re8 9. O-O Nf8 10. h3 Ng6 11. Qc2 Bd7 12. e4 dxe4 13. Nxe4 Nxe4 14. Bxe4 f5 15.
Bd3 Nf4 16. Rfe1 Qf6 17. Ne5 Nxd3 18. Qxd3 Rad8 19. Nf3 h6 20. Bc3 Bb8 21. Re2
Bc8 22. Qc2 Qf8 23. Rce1 Qd6 24. c5 Qf8 25. b4 Rd5 26. a4 a6 27. Ne5 Qf6 28.
Nc4 Bc7 29. Ne3 Rdd8 30. Nxf5 Rf8 31. Ne3 Qf4 32. Nf1 h5 33. Qe4 Qf6 34. Qd3
Rd5 35. Ne3 Qf4 36. Nf1 Rdf5 37. Qd2 Qh4 38. Qd3 Rxf2 39. Qe3 R2f5 40. Rd1 Bf4
41. Qe4 e5 42. dxe5 Be6 43. Rd6 Bd5 44. Qd3 Bxe5 45. Bxe5 Rxf1+ 46. Kh2 Bc4 47.
Qg6 R1f7 48. Re4 Qe7 49. Bg3 Qc7 50. Rxc4 Rf1 51. Rcd4 Ra1 52. Rd7 1-0

[Event "Esbjerg 6 Efteraarsturnering 2023"]
[Site "Esbjerg"]
[Date "2023.10.22"]
[Round "7.7"]
[White "Wyff, Poul"]
[Black "Hye, Allan"]
[Result "0-1"]
[WhiteElo "1619"]
[BlackElo "2020"]
[PlyCount "69"]
[EventDate "2023.10.20"]
[EventType "swiss"]
[EventRounds "7"]
[EventCountry "DEN"]
[SourceTitle "Live v. Esbjerg Skakfore"]

1. d4 d6 2. e4 g6 3. f4 Bg7 4. Nf3 Bg4 5. c3 Nd7 6. h3 Bxf3 7. Qxf3 c6 8. Bc4
b5 9. Bd3 a6 10. O-O Qc7 11. a4 Rb8 12. axb5 axb5 13. f5 Ngf6 14. Bf4 O-O 15.
g4 e5 16. Be3 d5 17. Nd2 Rbe8 18. Qg3 Qb8 19. dxe5 Nxe5 20. Bc5 Nxd3 21. Qxd3
dxe4 22. Qe2 e3 23. Nb3 Nd5 24. Bxf8 Bxf8 25. fxg6 hxg6 26. Qf3 Qc7 27. Nd4 Bc5
28. Rae1 Bxd4 29. cxd4 Re6 30. Kg2 g5 31. Qf5 Nf4+ 32. Kh1 Nxh3 33. Rf3 Rh6 34.
Re2 Nf2+ 35. Kg2 0-1

[Event "Esbjerg 6 Efteraarsturnering 2023"]
[Site "Esbjerg"]
[Date "2023.10.22"]
[Round "7.8"]
[White "Madsen, Svend"]
[Black "Sandmann, Villads Majvang"]
[Result "0-1"]
[WhiteElo "1661"]
[BlackElo "1971"]
[PlyCount "112"]
[EventDate "2023.10.20"]
[EventType "swiss"]
[EventRounds "7"]
[EventCountry "DEN"]
[SourceTitle "Live v. Esbjerg Skakfore"]

1. e4 c5 2. Nf3 d6 3. Bc4 Nf6 4. e5 dxe5 5. Nxe5 e6 6. Bb5+ Nbd7 7. Nc3 a6 8.
Nxd7 Bxd7 9. Bxd7+ Qxd7 10. d3 Be7 11. O-O O-O 12. Bg5 h6 13. Bh4 Rad8 14. Qe1
Rfe8 15. Ne4 Nxe4 16. Bxe7 Rxe7 17. Qxe4 Qd4 18. Qxd4 Rxd4 19. f4 Red7 20. g3
c4 21. dxc4 Rd2 22. Rac1 Re2 23. Rf2 Rdd2 24. Rxe2 Rxe2 25. a3 Kh7 26. c5 Kg6
27. b4 Kf5 28. h3 Re3 29. Kf2 Rxa3 30. Re1 Rc3 31. Re5+ Kf6 32. Re4 Rxc2+ 33.
Kf3 h5 34. g4 Rc3+ 35. Kg2 hxg4 36. hxg4 g5 37. Kf2 gxf4 38. Rxf4+ Kg6 39. g5
Rb3 40. Rf6+ Kxg5 41. Rxf7 Rxb4 42. Ke3 Kg6 43. Rf1 Rc4 44. Rb1 Rxc5 45. Rxb7
Kf5 46. Rb6 Ra5 47. Rd6 e5 48. Rh6 Ra3+ 49. Ke2 Ke4 50. Rh4+ Kd5 51. Rh8 a5 52.
Rd8+ Ke4 53. Rh8 Ra2+ 54. Ke1 Kd4 55. Rd8+ Ke3 56. Rd1 Rh2 0-1